ბათუმის შოთა რუსთაველის სახელმწიფო უნივერსიტეტის ბიბლიოთეკა

Электроборудование промышленных предприятий и установок. (ბიბ.ჩანაწერი № 40882)

000 -LEADER
fixed length control field 00761nam a2200205Ia 4500
001 - CONTROL NUMBER
control field 7526
003 - CONTROL NUMBER IDENTIFIER
control field GE_BSU
008 - FIXED-LENGTH DATA ELEMENTS--GENERAL INFORMATION
fixed length control field 181216s||||||||xx |||||||||||||| ||und||
040 ## - CATALOGING SOURCE
Transcribing agency GE_BSU
080 ## - UNIVERSAL DECIMAL CLASSIFICATION NUMBER
Universal Decimal Classification number 621.313+658(075.32)
100 ## - MAIN ENTRY--PERSONAL NAME
Personal name Зимин,Е.Н. Преображенский,В.И. Чувашов,И.И.
245 ## - TITLE STATEMENT
Title Электроборудование промышленных предприятий и установок.
245 ## - TITLE STATEMENT
Statement of responsibility, etc. Ред. Р.С.Сарбатов, В.П.Цишевский.
260 ## - PUBLICATION, DISTRIBUTION, ETC.
Place of publication, distribution, etc. М.
260 ## - PUBLICATION, DISTRIBUTION, ETC.
Name of publisher, distributor, etc. Энергоиздат.
260 ## - PUBLICATION, DISTRIBUTION, ETC.
Date of publication, distribution, etc. 1981.
300 ## - PHYSICAL DESCRIPTION
Extent 552стр. илл. 21см.
653 ## - INDEX TERM--UNCONTROLLED
Uncontrolled term Электроборудование промышленных предприятий и установок.
942 ## - ADDED ENTRY ELEMENTS (KOHA)
Koha item type წიგნი
ეგზემპლარები
Withdrawn status Lost status Damaged status Not for loan Date acquired Barcode Date last seen Price effective from Koha item type
        2018-12-17 10132 2018-12-17 2018-12-17 წიგნი